Hauptstädte am Fluss - Statistiken

Allgemein
  • Dieses Quiz wurde 510 mal gespielt
  • Das Durchschnittsergebnis liegt bei 13 aus 20
Antwortstatistiken
Fluss Hauptsatadt % Korrekt
Themse London
99%
Nil Kairo / Juba / Khartoum
97%
Seine Paris
97%
Donau Belgrad / Bratislava / Budapest / Wien
92%
Spree Berlin
86%
Tiber Rom
78%
Weichsel Warschau
76%
Amstel Amsterdam
73%
Dniepr Kiew
71%
Kongo Brazzaville / Kinshasa
68%
Moldau Prag
66%
Tigris Bagdad
64%
Tejo Lissabon
52%
Potomac Washington
51%
Niger Bamako / Niamey
49%
Mekong Phnom Penh / Vientiane
44%
Liffey Dublin
38%
Han Seoul
28%
Manzanares Madrid
20%
Sumida Tokio
10%
Keine übereinstimmenden Quizze gefunden
Verteilung der Resultate
Anzahl Personen mit jedem Resultat
Perzentil nach korrekt beantworteten Fragen
Ihre Resultats-Entwicklung
Sie haben dieses Quiz noch nicht gespielt